Φορτώνει......
Dr.K Bhaskaran Nairude saahithya niroopanam
| Κύριος συγγραφέας: | |
|---|---|
| Μορφή: | Printed Book |
| Έκδοση: |
1990
|
| LEADER | 003620000a22001090004500 | ||
|---|---|---|---|
| 040 | |a MAL | ||
| 082 | |a A4 BHA1 09 N0 | ||
| 100 | |a Sreekumar, S S | ||
| 245 | |a Dr.K Bhaskaran Nairude saahithya niroopanam | ||
| 260 | |c 1990 | ||
| 999 | |c 26882 |d 26882 | ||
| 952 | |0 0 |1 0 |4 0 |6 A_4_BHA1_090000000000000_N0 |7 0 |8 MAL |9 26719 |a MGUL |b MGUL |d 2013-07-16 |l 0 |o A4 BHA1 09 N0 |p 09366 |r 2013-07-16 |w 2013-07-16 |y BK | ||